Welcome to WEB OPAC of MRSPTU Central Library

Worlds historical's opanias classical (Record no. 4395)

MARC details
000 -LEADER
fixed length control field 00357nam a2200145Ia 4500
008 - FIXED-LENGTH DATA ELEMENTS--GENERAL INFORMATION
fixed length control field 230711s9999||||xx |||||||||||||| ||und||
041 ## - LANGUAGE CODE
Language code of text/sound track or separate title ENG
082 ## - DEWEY DECIMAL CLASSIFICATION NUMBER
Classification number 800
Item number GO-W
100 ## - MAIN ENTRY--PERSONAL NAME
Personal name Goyal.Jang Buhadar
245 #0 - TITLE STATEMENT
Title Worlds historical's opanias classical
250 ## - EDITION STATEMENT
Edition statement 1st Ed.
260 ## - PUBLICATION, DISTRIBUTION, ETC.
Date of publication, distribution, etc. 2006
Place of publication, distribution, etc. New Delhi
Name of publisher, distributor, etc. Falcon Books
650 ## - SUBJECT ADDED ENTRY--TOPICAL TERM
Topical term or geographic name entry element Literature
942 ## - ADDED ENTRY ELEMENTS (KOHA)
Koha item type Book
Holdings
Withdrawn status Lost status Damaged status Not for loan Collection Home library Current library Date acquired Total checkouts Full call number Barcode Date last seen Price effective from Koha item type Date last checked out
          MRSPTU Central Library MRSPTU Central Library     800 GO-W 15019 08/17/2023 08/17/2023 Book  
          MRSPTU Central Library MRSPTU Central Library   1 800 GO-W 15020 04/02/2025 08/17/2023 Book 02/20/2025
          MRSPTU Central Library MRSPTU Central Library     800 GO-W 15021 08/17/2023 08/17/2023 Book  
          MRSPTU Central Library MRSPTU Central Library     800 GO-W 15022 08/17/2023 08/17/2023 Book  
          MRSPTU Central Library MRSPTU Central Library     800 GO-W 15023 08/17/2023 08/17/2023 Book  
          MRSPTU Central Library MRSPTU Central Library     800 GO-W 15024 08/17/2023 08/17/2023 Book  
          MRSPTU Central Library MRSPTU Central Library     800 GO-W 15025 08/17/2023 08/17/2023 Book  
          MRSPTU Central Library MRSPTU Central Library     800 GO-W 15026 08/17/2023 08/17/2023 Book  
          MRSPTU Central Library MRSPTU Central Library     800 GO-W 15027 08/17/2023 08/17/2023 Book  
          MRSPTU Central Library MRSPTU Central Library     800 GO-W 15028 08/17/2023 08/17/2023 Book  

Website Designed and Developed by MRSPTU Central Library Team

E-mail Id: librarian@mrsptu.ac.in